Normal view
MARC view
- بائی کوف،واسل
Entry Personal Name
001 - CONTROL NUMBER
- control field: 121324
003 - CONTROL NUMBER IDENTIFIER
- control field: NUST
005 - DATE AND TIME OF LATEST TRANSACTION
- control field: 20240226125051.0
008 - FIXED-LENGTH DATA ELEMENTS
- fixed length control field: 240226|| aca||aabn | a|a d
040 ## - CATALOGING SOURCE
- Original cataloging agency: NUST
- Transcribing agency: NUST
100 ## - HEADING--PERSONAL NAME
- Personal name: بائی کوف،واسل
670 ## - SOURCE DATA FOUND
- Source citation: Work cat.: (NUST): بائی کوف،واسل, ٓٓآلپس کےگيت, 2012.
